| 000 | 00405nam a2200145Ia 4500 | ||
|---|---|---|---|
| 008 | 231129s1985||||xx |||||||||||||| ||spa|| | ||
| 020 | _a84-8280-728-5 | ||
| 040 | _bspa | ||
| 082 | _a823 T363a | ||
| 100 | _aThackeray William M. | ||
| 245 | 0 | _aLas aventuras de Barry Lyndon | |
| 260 | _c1985 | ||
| 264 | _a¨[Bogotá] Colombia : Oveja Negra | ||
| 942 |
_2ddc _cBKS |
||
| 999 |
_c18591 _d18591 |
||